MARC

LEADER 00000nam0a2200000 4500
001 337234
005 20231102004930.0
035 |a (RuTPU)RU\TPU\book\363702 
035 |a RU\TPU\book\363690 
090 |a 337234 
100 |a 20171101d1979 k y0rusy50 ca 
101 0 |a rus 
102 |a RU 
105 |a a z 001zy 
200 1 |a Аналого-цифровые системы и устройства и автоматизация их проектирования  |e тематический сборник научных трудов  |f Московский авиационный институт (МАИ) ; под ред. В. Т. Фролкина 
210 |a Москва  |c Изд-во МАИ  |d 1979 
215 |a 87 с.  |c ил. 
225 1 |a Труды МАИ  |v Вып. 494 
320 |a Библиография в конце статей 
606 1 |a Аналого-цифровые вычислительные системы  |2 stltpush  |3 (RuTPU)RU\TPU\subj\29028  |9 52445 
610 1 |a автоматизация 
610 1 |a проектирование 
610 1 |a полупроводники 
610 1 |a антенные решетки 
610 1 |a сигналы 
610 1 |a вычислители 
610 1 |a логарифмы 
610 1 |a преобразователи 
610 1 |a информация 
610 1 |a системы контроля 
675 |a 681.34  |v 3 
702 1 |a Фролкин  |b В. Т.  |4 340 
712 0 2 |a Московский авиационный институт (МАИ)  |c Национальный исследовательский университет  |2 stltpush  |3 (RuTPU)RU\TPU\col\3642 
801 1 |a RU  |b 63413507  |c 20150613 
801 2 |a RU  |b 63413507  |c 20171102  |g RCR 
942 |c BK